| 000 | 00000nas##2200000za#4500 |
| 001 | 9.504477 |
| 003 | CaOODSP |
| 005 | 20210615082315 |
| 007 | cr ||||||||||| |
| 008 | 150406c1990||||xxc|| m o||||f| |0eng|d |
| 040 | |aCaOODSP|beng |
| 043 | |an-cn--- |
| 086 | 1 |aMP32-28E-PDF |
| 110 | 1 |aCanada.|bHuman Resources Development Canada. |bApplied Research Branch. |
| 245 | 10|aWorking paper |h[electronic resource] |
| 246 | 3 |aWorking papers (Canada. Human Resources Development Canada. Applied Research Branch) |
| 260 | |aOttawa - Ontario : |bHuman Resources Development Canada. |c[1990?]--. |
| 690 | 07|aGovernment policy|2gcpds |
| 690 | 07|aLabour market|2gcpds |
| 775 | 08|tDocument de travail |w(CaOODSP)9.500896 |
| 776 | 0#|tWorking paper |w(CaOODSP)9.514795 |